International M&a, joint ventures and beyond : (Record no. 345279)

000 -LEADER
fixed length control field 02625 a2200241 4500
020 ## - INTERNATIONAL STANDARD BOOK NUMBER
International Standard Book Number 047102242X
020 ## - INTERNATIONAL STANDARD BOOK NUMBER
International Standard Book Number 9780471022428
082 04 - DEWEY DECIMAL CLASSIFICATION NUMBER
Classification number 658.16
090 ## - LOCALLY ASSIGNED LC-TYPE CALL NUMBER (OCLC); LOCAL CALL NUMBER (RLIN)
-- 2789
-- 2789
100 1# - MAIN ENTRY--PERSONAL NAME
Personal name BenDaniel, David J.
245 10 - TITLE STATEMENT
Title International M&a, joint ventures and beyond :
Remainder of title doing the deal /
Statement of responsibility, etc. David J. BenDaniel.
250 ## - EDITION STATEMENT
Edition statement 2nd ed.
260 ## - PUBLICATION, DISTRIBUTION, ETC.
Place of publication, distribution, etc. [S.l.] :
Name of publisher, distributor, etc. Wiley,
Date of publication, distribution, etc. 2002.
300 ## - PHYSICAL DESCRIPTION
Extent 640 p. ;
Dimensions 26 cm.
500 ## - GENERAL NOTE
General note Hardcover.
520 ## - SUMMARY, ETC.
Summary, etc. Praise for International M & A, Joint Ventures & Beyond "The Second Edition of International M&A, Joint Ventures, and Beyond is superb. David BenDaniel, Arthur Rosenbloom, and James Hanks Jr. have assembled informative, comprehensive, and reliable source materials for cross-border merger and acquisition transactions. These materials will benefit those of us who are engaged daily in the international arena as well as those who are introduced to such ventures for the first time." –Arthur M. Siskind, Esq., Senior Executive Vice President and Group General Counsel, The News Corporation Limited "In their second edition of International M&A, Joint Ventures, and Beyond, BenDaniel, Rosenbloom, and Hanks update readers in business, law, and academia alike on what it takes to get sound cross-border deals accomplished. This book is a must for practitioners and in courses covering cross-border business transactions." –Alan Patricof, Chairman, Apax Partners, Inc. "A thoughtful compilation of topics, authors, and points of view that is as useful to the novice as it is to the experienced practitioner. Rosenbloom and BenDaniel, now joined by Hanks, are there when you need them." –Arthur Kowaloff, Managing Director BNY Capital Markets, Inc. "This is an excellent set of materials on cross-border business combinations–the best that one can find anywhere. The authors are leading practitioners and academics, and their unparalleled expertise shows in this fine work. The topic is, of course, of ever-growing importance as integration in the world economy continues at a rapid pace." –John J. Barcelo III, William Nelson Cromwell Professor of International and Comparative Law, and Director, Berger International Legal Studies Program, Cornell University.
700 1# - ADDED ENTRY--PERSONAL NAME
Personal name Rosenbloom, Arthur H.
700 1# - ADDED ENTRY--PERSONAL NAME
Personal name Jr., James J. Hanks.
700 1# - ADDED ENTRY--PERSONAL NAME
Personal name Hanks, Jr., James J.
856 40 - ELECTRONIC LOCATION AND ACCESS
Materials specified Amazon.com
Uniform Resource Identifier <a href="http://www.amazon.com/exec/obidos/ASIN/047102242X/chopaconline-20">http://www.amazon.com/exec/obidos/ASIN/047102242X/chopaconline-20</a>
856 40 - ELECTRONIC LOCATION AND ACCESS
Materials specified Amazon customer reviews
Uniform Resource Identifier <a href="http://www.chopac.org/cgi-bin/tools/azrev.pl?q=047102242X">http://www.chopac.org/cgi-bin/tools/azrev.pl?q=047102242X</a>
942 ## - ADDED ENTRY ELEMENTS (KOHA)
Institution code [OBSOLETE] NBS
Koha item type Book
Call number prefix 658.16 DEA
Holdings
Withdrawn status Lost status Damaged status Not for loan Permanent Location Current Location Date acquired Total Checkouts Full call number Barcode Date last seen Price effective from Koha item type
        Central Library (CL) Central Library (CL) 08/28/2013   658.16 DEA NBSD-204 08/28/2013 08/28/2013 Book
        Central Library (CL) Central Library (CL) 08/28/2013   658.16 DEA NBSD-203 01/17/2014 08/28/2013 Book
© 2023 Central Library, National University of Sciences and Technology. All Rights Reserved.